| 000 | 00742nam a2200241Ia 4500 | ||
|---|---|---|---|
| 003 | OSt | ||
| 005 | 20220918170728.0 | ||
| 006 | a|||||r|||| 00| 0 | ||
| 007 | ta | ||
| 008 | 220917b |||||||| |||| 00| 0 eng d | ||
| 020 |
_a978041577831 (hbk) _c5941.60 |
||
| 024 | _a246,480 | ||
| 037 |
_b136, 04/02/2011, Om Book Distributors _cTextual |
||
| 040 |
_aARTS _cARTS _beng |
||
| 041 |
_2eng _aeng |
||
| 082 | _aU47.4g74, Q0 | ||
| 100 |
_aGuneratne Arjun Ed. _930734 |
||
| 245 | 0 | _aCulture and the environment in the himalya | |
| 260 |
_aOxon _bRoutledge _c2010 |
||
| 300 |
_axvii,238p. _ccm. |
||
| 942 |
_hU47.4g74, Q0 _cTEXL _2CC |
||
| 999 |
_c135412 _d135412 |
||